000 00300nam a2200121Ia 4500
008 220216s9999 xx 000 0 und d
100 _aOuseph T.
245 2 _aA benign budget for rubber industry
260 _bRubber Asia
_c1996
300 _a63-64
650 _aIndian rubber industry
942 _cBS
999 _c51586
_d51586